000 00972nam a2200265Ia 4500
003 OSt
005 20220923211200.0
006 a|||||r|||| 00| 0
007 ta
008 220922b |||||||| |||| 00| 0 hin d
020 _a8188402060 (hbk)
_c400
024 _a280,924
037 _b23060, 16/08/2013, Kitab Ghar
_cTextual
040 _aARTS
_cARTS
_bhin
041 _2hin
_ahin
082 _aO152,2x(A), P6;Q2
100 _aशर्मा, विष्णुदत्त
_9156365
245 0 _aहिन्दी में वैज्ञानिक नाटक
246 _aHindī mean vaijnyānik nāṭaka
260 _aगाजियाबाद
_b शोध प्रकाशन
_c2012
300 _a247पृ.
_ccm.
650 _aहिन्दी साहित्य
_9156264
942 _hO152,2x(A), P6;Q2
_cTEXL
_2CC
999 _c296442
_d296442